George Washington's Cabinet - Statistics

General Stats
  • This quiz has been taken 26 times
  • The average score is 6 of 14
Answer Stats
Picture Hint Answer % Correct
Secretary of the Treasury Alexander Hamilton
100%
President George Washington
100%
Vice President John Adams
100%
Secretary of State (2) Thomas Jefferson
100%
Secretary of State John Jay
67%
Secretary of War Henry Knox
40%
Secretary of State (3) Edmund Randolph
33%
Attorney General Edmund Randolph
33%
Attorney General (3) Charles Lee
27%
Secretary of War (3) James McHenry
7%
Secretary of the Treasury (2) Oliver Wolcott Jr.
7%
Secretary of State (4) Timothy Pickering
7%
Secretary of War (2) Timothy Pickering
7%
Attorney General (2) William Bradford
7%
No matching quizzes found
Score Distribution
Percent of People with Each Score
Percentile by Number Answered
Your Score History
You have not taken this quiz